| 000 | 00607cam a22002291 4500 | ||
|---|---|---|---|
| 001 | ne 63000425 | ||
| 003 | DLC | ||
| 005 | 20260227111742.0 | ||
| 008 | 890620s1962 xx 000 0 ara | ||
| 010 | _ane 63000425 | ||
| 035 | _a(OCoLC)23487825 | ||
| 040 |
_aDLC _cMiU _dDLC |
||
| 042 | _apremarc | ||
| 043 | _af-ua--- | ||
| 050 | 0 | 0 |
_aDT107.83 _b.R33 |
| 100 | 1 | _aRamādī, Muḥammad Jamāl al-Dīn. | |
| 245 | 1 | 0 | _aMin thamarāt al-thawrah fī ʻashr sanawāt. |
| 260 | _c[1962] | ||
| 300 |
_a107 p. _c24 cm. |
||
| 500 | _aRomanized. | ||
| 651 | 0 |
_aUnited Arab Republic _xPolitics and government. |
|
| 999 |
_c45631 _d45631 |
||